Bazisnyje sistemy polinomial'nych i kvazipolinomial'nych rešenij uravnenij v častnych proizvodnych

Enregistré dans:
Détails bibliographiques
Format: Livre
Langue:russe
Publié: Taškent Fan 1987
Édition:1. izd.
Tags: Ajouter un tag
Pas de tags, Soyez le premier à ajouter un tag!

MARC

LEADER 00000nam a2200000 4500
001 c022493
005 20260130075359.7
041 0 |a rus 
044 |a UZ 
245 1 0 |a Bazisnyje sistemy polinomial'nych i kvazipolinomial'nych rešenij uravnenij v častnych proizvodnych  |c Boris Anisinovič Bondarenko 
250 |a 1. izd. 
264 1 |a Taškent  |b Fan  |c 1987 
300 |a 145 s.